{"text_format":"2","workbook":"xlsx","n_sheets":6,"sheets":["EPI","Uniforme","Materiais","Insumo Téc. Manutenção","Equipamentos","Totais"],"not_rendered":{"charts":0,"images":3,"macros":0,"external_links":0,"defined_names":0,"comments":0,"pivot_tables":0},"unopened":[],"bounds":{"document_bytes":16777216,"sheet_cells":100000,"run_cost":"one","rows_first":2000,"rows_last":500,"rows_between":2000,"halvings":0,"cell_chars":16384,"cell_head_chars":4096},"cells_cut":0,"cells_raw":0,"read":"whole","date_system":"1900"}

{"sheet":"EPI","index":0,"n_rows":23,"n_cols":12,"rows_kept":23,"cut":false,"hidden":false,"merged":[[11,0,11,1],[12,0,12,1],[13,0,13,1],[14,0,14,1],[15,0,15,1],[21,0,21,8],[22,0,22,9],[16,0,16,1],[17,0,17,1],[18,0,18,1],[19,0,19,1],[20,0,20,1],[5,0,5,1],[6,0,6,1],[7,0,7,1],[8,0,8,1],[10,0,10,1],[9,0,9,1],[0,0,0,9],[1,0,1,9],[2,0,2,9],[3,0,3,9],[4,0,4,1]]}
["MINISTÉRIO DO DESENVOLVIMENTO REGIONAL\nCOMPANHIA  DE DESENVOLVIMENTO DOS VALES DO SÃO FRANISCO E DO PARNAÍBA 4ª SUPERINTENDÊNCIA REGIONAL"]
["PLANILHA - COTAÇÕES"]
["EQUIPAMENTO DE PROTEÇÃO INDIVIDUAL"]
[]
["DESCRIÇÃO",null,"QUANT","FREQUÊNCIA","UNIDADE","EMPRESA 1 VALOR UNIT (R$)*","EMPRESA 2 VALOR UNIT (R$)*","EMPRESA 3 VALOR UNIT (R$)*","MÉDIA (R$)","VALOR ANUAL (R$)","VALOR ANUAL (R$)"]
["Luvas de Borracha, cano longo",null,8,"Mensal","par",13.7,11.11,18.600000000000001,{"$f":"(F6+G6+H6)/3","v":14.469999999999999},{"$f":"C6*I6*12","v":1389.12},{"$f":"I6*C6","v":115.75999999999999},{"$f":"I6*2","v":28.939999999999998}]
["Luva de Latex",null,16,"Mensal","par",{"$f":"65.9/100","v":0.65900000000000003},{"$f":"23.9/100","v":0.23899999999999999},{"$f":"29/100","v":0.28999999999999998},{"$f":"(F7+G7+H7)/3","v":0.39599999999999996},{"$f":"C7*I7*12","v":76.031999999999996},{"$f":"I7*C7","v":6.3359999999999994},{"$f":"I7*4","v":1.5839999999999999}]
["Luva de Raspa, cano longo",null,16,"Anual","par",28.89,21.69,19.920000000000002,23.5,{"$f":"C8*I8","v":376},{"$f":"(I8*C8)/12","v":31.333333333333332}]
["Luva de Vaqueta mista",null,12,"Anual","par",12.93,16.899999999999999,12.9,14.243333333333332,{"$f":"C9*I9","v":170.92},{"$f":"(I9*C9)/12","v":14.243333333333332}]
["Luva para lavar carro",null,1,"Mensal","par",8.99,14.43,10.99,11.47,{"$f":"C10*I10*12","v":137.64000000000001},11.47]
["Luva Térmica emborrachada",null,2,"Anual","par",17.2,19.350000000000001,15.42,17.323333333333334,{"$f":"C11*I11","v":34.646666666666668},{"$f":"(I11*C11)/12","v":2.8872222222222224}]
["Máscara descartável PFF2, modelo dobrável, com filtro",null,8,"Mensal","un",3.9,1.45,3.39,2.9133333333333336,{"$f":"C12*I12*12","v":279.68},23.306666666666668]
["Capacete de segurança para uso na indústria, classe B,\ntipo II com suspensão plástica",null,2,"Anual","un",15.58,14.9,14.99,15.156666666666666,{"$f":"C13*I13","v":30.313333333333333},{"$f":"(I13*C13)/12","v":2.5261111111111112}]
["Óculos de proteção",null,10,"Anual","un",4.6900000000000004,2.99,9.99,5.8900000000000006,{"$f":"C14*I14","v":58.900000000000006},{"$f":"(I14*C14)/12","v":4.9083333333333341}]
["Calçado ocupacional isolante elétrico de uso profissional\ntipo botina",null,10,"Semenstral","par",64.069999999999993,70.8,68.72,67.86333333333333,{"$f":"C15*I15*2","v":1357.2666666666667},{"$f":"(I15*2)/12","v":11.310555555555554}]
["Calçado ocupacional de uso profissional, tipo bota PVC cano longo, na cor preta, impermeável",null,5,"Anual","par",46.9,56.88,56.9,53.56,{"$f":"C16*I16","v":267.8},{"$f":"(I16*C16)/12","v":22.316666666666666},{"$f":"I16/12","v":4.4633333333333338}]
["Luva de segurança confeccionada em náilon preto com banho nitrílico preto na palma, face palmar dos dedos e\nponta dos dedos, punho elástico",null,2,"Mensal","par",3.79,3.75,7.69,5.0766666666666671,{"$f":"C17*I17*12","v":121.84},{"$f":"I17*C17","v":10.153333333333334}]
["Protetor Facial para roçagem",null,4,"Anual","un",35.9,48.66,33.840000000000003,39.466666666666669,{"$f":"C18*I18","v":157.86666666666667},{"$f":"(I18*C18)/12","v":13.155555555555557}]
["Avental de raspa",null,4,"Anual","un",45.71,29.9,33.19,36.266666666666666,{"$f":"C19*I19","v":145.06666666666666},{"$f":"(I19*C19)/12","v":12.088888888888889}]
["Capa de chuva",null,11,"Anual","un",21.19,23.9,29.99,25.026666666666667,275.29333333333335,22.941111111111113]
["Protetor solar fator 30 FPS de 120ml",null,6,"Anual","un",39,15.5,15.79,23.429999999999996,140.57999999999998,11.714999999999998]
["VALOR TOTAL ANUAL (R$)",{"$nulls":8},{"$f":"SUM(J6:J21)","v":5018.9653333333335}]
["* As Empresas 1, 2 e 3 serão respectivamente aquelas apresentadas na pesquisa de preço."]

{"sheet":"Uniforme","index":1,"n_rows":23,"n_cols":8,"rows_kept":23,"cut":false,"hidden":false,"merged":[[0,0,1,7],[22,0,22,6],[12,0,12,1],[4,0,4,1],[9,0,9,1],[10,0,10,1],[11,0,11,1],[7,0,7,1],[8,0,8,1],[19,0,19,1],[20,0,20,1],[21,0,21,1],[13,0,13,1],[15,0,15,1],[18,0,18,1],[17,0,17,1],[16,0,16,1],[2,0,2,7],[3,0,3,7],[5,0,5,1],[6,0,6,1],[14,0,14,1]]}
["MINISTÉRIO DO DESENVOLVIMENTO REGIONAL\nCOMPANHIA  DE DESENVOLVIMENTO DOS VALES DO SÃO FRANISCO E DO PARNAÍBA 4ª SUPERINTENDÊNCIA REGIONAL"]
[]
["PLANILHA - COTAÇÕES"]
["UNIFORMES "]
["DESCRIÇÃO",null,"QUANT","Casa das Fardas","Point das Fardas","Ideal Confec","Preço Médio","TOTAL ANUAL"]
["Camiseta com gola simples, de mangas curtas, sem abotoamento, com logomarca da empresa",null,32,58,23,35,{"$f":"(D6+E6+F6)/3","v":38.666666666666664},{"$f":"G6*C6","v":1237.3333333333333}]
["Camiseta com gola simples, de mangas longas, proteção UV 50, sem abotoamento, com logo marca da empresa;",null,16,87,55,85,{"$f":"(D7+E7+F7)/3","v":75.666666666666671},{"$f":"G7*C7","v":1210.6666666666667}]
["Calça comprida com elástico e cordão, em tecido brim;",null,32,119,59,75,{"$f":"(D8+E8+F8)/3","v":84.333333333333329},2698.6666666666665]
["Meia em algodão, tipo média.",null,64,18,null,null,{"$f":"(D9+E9+F9)","v":18},1152]
["Botas, cano curto, solado antideslizante e antiderrapante, para atividades com água, hidro-repelente, com sistema de elástico, antibactérias, cor preto;",null,16,131,null,null,{"$f":"(D10+E10+F10)","v":131},2096]
["Cinto em couro, modelo social, regulável;",null,2,33,null,null,{"$f":"(D11+E11+F11)","v":33},66]
["Calça comprida social, em tecido Oxford com zíper, presilha para cinto, cor preta.",null,2,131,65,85,{"$f":"(D12+E12+F12)/3","v":93.666666666666671},187.33333333333334]
["Camisa social, mangas curtas ou manga 3/4, contendo o emblema da Contratada bordado no lado superior esquerdo ou direito.",null,8,104,79,85,{"$f":"(D13+E13+F13)/3","v":89.333333333333329},714.66666666666663]
["Sapato modelo social, de boa qualidade, em couro, na cor preta, solado antiderrapante.",null,3,108,null,null,{"$f":"(D14+E14+F14)","v":108},324]
["Meia social em tecido liso, 100% algodão, na cor preta",null,12,"Shein 32,90","Mercado Livre 29,18","Amazon 45,00",{"$f":"(32.9+29.18+45)/3","v":35.693333333333335},428.32000000000005]
["Touca de filó com aba, cor preta, para uso dentro das copas. ",null,4,"Mercado Livre 6,90","Shopee 6,04","Ferreira Costa 7,45",{"$f":"(6.9+6.04+7.45)/3","v":6.7966666666666669},27.186666666666667]
["Calça comprida\ttipo social, com zíper, na cor preta;",null,8,null,65,null,{"$f":"(D17+E17+F17)","v":65},520]
["Camisa social, mangas curtas, dois bolsos nas laterais, contendo o emblema da Contratada bordado no lado superior esquerdo ou direito.",null,4,139,70,85,{"$f":"(D18+E18+F18)/3","v":98},392]
["Saia tipo esporte fino, ambos com zíper na parte de trás, na cor preta, na altura do joelho, contendo o emblema da Contratada bordado no lado superior esquerdo ou direito.",null,8,104,null,80,{"$f":"(D19+E19+F19)/2","v":92},736]
["Blazer na cor preta, em tecido tipo microfibra, forrado internamente",null,2,153,null,190,{"$f":"(D20+E20+F20)/2","v":171.5},343]
["Avental em Oxford ou tergal, branco, com amarras dos lados.",null,2,99,19,50,{"$f":"(D21+E21+F21)/3","v":56},112]
["Sapato tipo social que seja macio, palmilha de montagem em couro, tipo conforto, solado em couro com proteção antiderrapante, salto médio ou modelo estilo boneca",null,2,132,null,null,{"$f":"(D22+E22+F22)","v":132},264]
["VALOR TOTAL  (R$)",{"$nulls":6},{"$f":"SUM(H6:H22)","v":12509.173333333332}]

{"sheet":"Materiais","index":2,"n_rows":45,"n_cols":8,"rows_kept":45,"cut":false,"hidden":false,"merged":[[0,0,0,7],[1,0,1,7],[2,0,2,7],[44,0,44,6]]}
["MINISTÉRIO DO DESENVOLVIMENTO REGIONAL\nCOMPANHIA  DE DESENVOLVIMENTO DOS VALES DO SÃO FRANISCO E DO PARNAÍBA 4ª SUPERINTENDÊNCIA REGIONAL"]
["PLANILHA - COTAÇÕES"]
["MATERIAIS"]
["DESCRIÇÃO","QUANT ANO","UN","EMPRESA 1","EMPRESA 2 ","EMPRESA 3 ","MÉDIA (R$)","VALOR ANUAL (R$)"]
["Álcool Etílico Limpeza De Ambientes Tipo: Gel Sanitizante , Aplicação: Limpeza , Características Adicionais: Neutro , Concentração: 73%",360,"Lt","compra.gov","compra.gov","compra.gov",8.3000000000000007,{"$f":"G5*B5","v":2988.0000000000005}]
["Água Sanitária de 2,0 a 2,5% de cloro, com registro na ANVISA",36,"5Lt","compra.gov","compra.gov","compra.gov",9.49,{"$f":"G6*B6","v":341.64}]
["Cera Polimento Piso Composição Básica: Perfuoroalquil Amônio, Agentes De Polimento, Solve ",24,"Lt","compra.gov","compra.gov","compra.gov",5.35,128.39999999999998]
["Desinfetante que tenha em sua composição: Nonil, Fenol,\nCloreto Amônio, com registro na ANVISA",720,"Lt","compra.gov","compra.gov","compra.gov",4.59,3304.7999999999997]
["Detergente para lavar louça - 500 ml 100% biodegradável com\nRegistro ANVISA",144,"Un","compra.gov","compra.gov","compra.gov",1.9,273.59999999999997]
["Aromatizador de ambiente automático clipper",180,"Un","Amazon    19,81","Kalunga  39,50","Mercado livre 37,27",{"$f":"(19.81+39.5+37.27)/3","v":32.193333333333335},5794.8]
["Desodorizador de Ar de 360 ml",60,"Un","compra.gov","compra.gov","compra.gov",8.16,489.6]
["Esponja para louça: Espuma com duas faces: pacote 4 unidades ",54,"Un","compra.gov","compra.gov","compra.gov",2.35,126.9]
["Esponja Limpeza Material: Fibra Sintética para lavagem De Carros E Vidraças",24,"Un","compra.gov","compra.gov","compra.gov",7.25,174]
["Flanela, cor branca, amarela e vermelha, em Tecido de Algodão",60,"Un","compra.gov","compra.gov","compra.gov",1.96,117.6]
["Inseticida aerosol - mínimo 300 ml",36,"Un","compra.gov","compra.gov","compra.gov",11,396]
["Palha de aço, que tenha em sua composição: Aço Carbono",36,"pct","compra.gov","compra.gov","compra.gov",2.4900000000000002,89.640000000000015]
["Limpa vidros concentrado de 500 ml, diluição 1:20, registro\nna ANVISA",120,"Un","compra.gov","compra.gov","compra.gov",4.54,544.79999999999995]
["Detergente neutro biodegradável hiper concentrado, alta diluição, até 1:300",48,"5Lt","Amazon    52,00","Mercado livre   59,90","Magalu 60,24",{"$f":"(52+59.9+60.24)/3","v":57.38},2754.2400000000002]
["Limpador multiuso, frasco de 500 ml",144,"Un","Amazon    5,87","Americanas 4,99","Carrefour 7,20",{"$f":"(5.87+4.99+7.2)/3","v":6.02},866.87999999999988]
["Lustra móvel, que tenha em sua composição: Óleo Parafínico, Silicone, Alcalinizante e Cera Micro",4,"Un","compra.gov","compra.gov","compra.gov",10.56,42.24]
["Papel higiênico rolo individual com 220 m de 1ª qualidade",480,"rolo","compra.gov","compra.gov","compra.gov",6.85,3288]
["Toalha De Papel Material: Celulose (100% Fibras Naturais) , Comprimento: 200 M, Largura: 20 CM",480,"fardo 6 um","compra.gov","compra.gov","compra.gov",59.62,28617.599999999999]
["Pastilha Sanitária Caixa 3 Unidade, com registro na ANVISA",360,"Cx 3 un","compra.gov","compra.gov","compra.gov",3.1,1116]
["Pano de Prato",144,"Un","compra.gov","compra.gov","compra.gov",3.76,541.43999999999994]
["Pano de limpeza multiuso - tipo pirex - embalagem com 5 unidades",144,"pct","compra.gov","compra.gov","compra.gov",2.5099999999999998,361.43999999999994]
["Pano de chão, para limpeza, branco em Tecido Alvejado 55 X 70, 100% Algodão",288,"Un","Amazon 4,48","Mercado livre   3,79","Shopee 3,10",{"$f":"(4.48+3.79+3.1)/3","v":3.7899999999999996},1091.52]
["Sabão em barra de 1° qualidade 100% biodegradável com Registro ANVISA",48,"Un","compra.gov","compra.gov","compra.gov",6.46,310.08]
["Saco plástico para lixo de 100 litros, c/100, Espessura de Quatro Micas;",84,"Un","compra.gov","compra.gov","compra.gov",36.090000000000003,3031.5600000000004]
["Saco plástico para lixo de 40 litros, c/100 Espessura de Quatro\nMicas;",84,"Un","compra.gov","compra.gov","compra.gov",20.399999999999999,1713.6]
["Saco plástico para lixo de 60 litros, c/100 Espessura de Quatro Micas;",84,"Un","compra.gov","compra.gov","compra.gov",24.19,2031.96]
["Sabão em pó de 500 g, que tenha em sua composição: Componente Ativo: Linear Alquil. Benzeno, Sulfato de Sódio, branqueador óptico, corante, amaciante, perfume e água",192,"pct","compra.gov","compra.gov","compra.gov",4.9000000000000004,940.80000000000007]
["Desincrostante Composição",12,"5Lt","compra.gov","compra.gov","compra.gov",61.57,738.84]
["Sabonete Líquido, perfumado, que tenha em sua composição: Sulfato de Sódio, Emoluente, Agente Controlador de P.H, com registro na ANVISA",240,"Lt","compra.gov","compra.gov","compra.gov",8.8699999999999992,2128.7999999999997]
["Soda Caustica 950g",23,"Kg","compra.gov","compra.gov","compra.gov",24.76,569.48]
["Vassouras de nylon 30 cm, com cabo, ideal para calçadas e pisos rústicos - uso externo (condor ou similar)",60,"Un","compra.gov","compra.gov","compra.gov",18,1080]
["Vassouras de pelo 40 cm, com cabo",60,"Un","compra.gov","compra.gov","compra.gov",19.989999999999998,1199.3999999999999]
["Vassoura de vasculhar, com cabo de 3 metros",2,"Un","Mercado livre 75,04","Shopee 85,99","Magalu 91,11",{"$f":"(75.04+85.99+91.11)/3","v":84.046666666666667},168.09333333333333]
["Escova para Vaso Sanitário com cerdas de nylon,  com suporte",12,"Un","compra.gov","compra.gov","compra.gov",6.7,80.400000000000006]
["Rodo de borracha com cabo 40 cm",60,"Un","compra.gov","compra.gov","compra.gov",6.93,415.79999999999995]
["Balde Plástico de 20 litros",60,"Un","compra.gov","compra.gov","compra.gov",15.98,958.80000000000007]
["Pá para lixo de plástico, com cabo longo",24,"Un","compra.gov","compra.gov","compra.gov",12.5,300]
["Pá para lixo de aço, com cabo longo",24,"Un","compra.gov","compra.gov","compra.gov",11,{"$f":"G42*B42","v":264}]
["Espanador grande",2,"Un","Amazon 33,13","Magalu 14,29","Mercdo livre 23,90",{"$f":"(33.13+14.29+23.9)/3","v":23.77333333333333},47.54666666666666]
["Espanador medio",2,"Un","Amazon 24,74","Shopee 29,90","Temu 17,42",{"$f":"(24.72+29.9+17.42)/3","v":24.013333333333332},48.026666666666664]
["VALOR TOTAL (R$)",{"$nulls":6},{"$f":"SUM(H5:H44)","v":69476.326666666675}]

{"sheet":"Insumo Téc. Manutenção","index":3,"n_rows":133,"n_cols":10,"rows_kept":133,"cut":false,"hidden":false,"merged":[[0,0,0,9],[1,0,1,9],[2,0,2,9],[132,7,132,9],[130,7,130,9],[131,7,131,9],[7,0,7,9],[130,0,130,6],[131,0,131,6],[132,0,132,6],[3,0,3,9],[5,0,5,9],[6,0,6,9]]}
["MINISTÉRIO DO DESENVOLVIMENTO REGIONAL\nCOMPANHIA  DE DESENVOLVIMENTO DOS VALES DO SÃO FRANISCO E DO PARNAÍBA 4ª SUPERINTENDÊNCIA REGIONAL"]
["PLANILHA - COTAÇÕES"]
["MATERIAIS"]
["Obra Insumos - Tec de Manutenção"]
["Bancos SINAPI - 04/2025 - Sergipe\nSBC - 05/2025 - Sergipe\nORSE - 02/2025 - Sergipe"]
["B.D.I. 0,0%"]
["Encargos Sociais: Desonerado, embutido nos preços unitário dos insumos de mão de obra, de acordo com as bases."]
["MATERIAL MANUTENÇÃO PREDIAL"]
["Item","Código","Banco","Descrição","UN","Quant","Valor Unit","Valor Unit com BDI","Total","Peso (%)"]
[" 1 ","  ",null,"Manutenção Elétrica",null,1,"",5025.8500000000004,5025.8500000000004,0.24152347907991514]
[" 1.1 "," 00043472/SINAPI ","ORSE","Ferramentas - familia eletricista - mensalista (encargos complementares - coletado caixa)","mes",3,161.72999999999999,161.72999999999999,485.19,2.3316409525708889E-2]
[" 1.2 "," 00020111 ","SINAPI","FITA ISOLANTE ADESIVA ANTICHAMA, USO ATE 750 V, EM ROLO DE 19 MM X 20 M","un",12,12,12,144,6.9200992842022302E-3]
[" 1.3 "," 00034602 ","SINAPI","CABO FLEXIVEL PVC 750 V, 2 CONDUTORES DE 1,5 MM2","M",100,4.4000000000000004,4.4000000000000004,440,2.1144747812840148E-2]
[" 1.4 "," 2994 ","ORSE","Cabo cobre flexível, isolado,  2,5mm2 - 450/750V / 70º","m",100,2.34,2.34,234,1.1245161336828624E-2]
[" 1.5 "," 3804 ","ORSE","Cabo de cobre PP Cordplast 2 x 2,5 mm2, 450/750v","m",60,5.9,5.9,354,1.7011910740330483E-2]
[" 1.6 "," 00012128 ","SINAPI","INTERRUPTOR SIMPLES 10A, 250V, CONJUNTO MONTADO PARA SOBREPOR 4\" X 2\" (CAIXA + MODULO)","un",10,6.85,6.85,68.5,3.2918527844989776E-3]
[" 1.7 "," 00012147 ","SINAPI","TOMADA 2P+T 10A, 250V, CONJUNTO MONTADO PARA SOBREPOR 4\" X 2\" (CAIXA + MODULO)","un",20,10.18,10.18,203.6,9.7842514879414866E-3]
[" 1.8 "," 00038075 ","SINAPI","TOMADA 2P+T 20A 250V, CONJUNTO MONTADO PARA EMBUTIR 4\" X 2\" (PLACA + SUPORTE + MODULO)","un",5,11.57,11.57,57.85,2.7800537749381876E-3]
[" 1.9 "," 505 ","ORSE","Canaleta plastica 20 x 10mm, sem divisória (ref. 308 02, Pial Legrand ou similar)","m",100,1.85,1.85,185,8.8904053303986985E-3]
[" 1.10 "," 2650 ","ORSE","Relé fotoelétrico 1000 w - 220 v","un",1,35.46,35.46,35.46,1.7040744487347992E-3]
[" 1.11 "," 1313 ","ORSE","Lâmpada vapor mercúrio 400 w  (philips ref. hpl - n400 ou similar)","un",2,33.99,33.99,67.98,3.2668635370838028E-3]
[" 1.12 "," 13791 ","ORSE","Refletor Slim  LED 100W de potência, branco Frio, 6500k, Autovolt, marca G-light ou similar","un",2,66.7,66.7,133.4,6.4107030868928994E-3]
[" 1.13 "," 00039391 ","SINAPI","LUMINARIA LED REFLETOR RETANGULAR BIVOLT, LUZ BRANCA, 50 W","un",5,24.58,24.58,122.9,5.9061125140864867E-3]
[" 1.14 "," 00039385 ","SINAPI","LUMINARIA LED PLAFON REDONDO DE SOBREPOR BIVOLT 12/13 W, D = *17* CM","un",5,9.6199999999999992,9.6199999999999992,48.1,2.3115053859036616E-3]
[" 1.15 "," 1969 ","ORSE","Régua (filtro de linha) com 5 tomadas 2p+t","un",8,27.95,27.95,223.6,1.074537638852513E-2]
[" 1.16 "," 13397 ","ORSE","Caixa de sobrepor para 01 disjuntor bipolar ou 02 disjuntores monopolar, Fameou similar","un",10,11.2,11.2,112,5.3822994432684013E-3]
[" 1.17 "," 00034616 ","SINAPI","DISJUNTOR TERMOMAGNETICO PARA TRILHO DIN (IEC), BIPOLAR, 6 - 32 A","un",5,43.81,43.81,219.05,1.0526720473642351E-2]
[" 1.18 "," 00001571 ","SINAPI","TERMINAL A COMPRESSAO EM COBRE ESTANHADO PARA CABO 4 MM2, 1 FURO E 1 COMPRESSAO, PARA PARAFUSO DE FIXACAO M5","un",10,1.21,1.21,12.1,5.8148056485310406E-4]
[" 1.19 "," 866 ","ORSE","Eletroduto condulete pvc rígido, d= 3/4\"","m",50,4.63,4.63,231.5,1.1125020724255669E-2]
[" 1.20 "," 870 ","ORSE","Eletroduto flexível em pvc, sanfonado (corrugado), amarelo, d= 3/4\", Tigreflex ou similar","m",50,2.62,2.62,131,6.2953680988228622E-3]
[" 1.21 "," 00043972/SINAPI ","ORSE","Cabo de rede, par trancado u/utp, 4 pares, categoria 5e (cat 5e), isolamento pvc (cm)","m",305,3.55,3.55,1082.75,5.2032899305346977E-2]
[" 1.22 "," 2241 ","ORSE","Tomada para lógica, sistema x, com placa","un",10,22.53,22.53,225.3,1.0827072005074739E-2]
[" 1.23 "," 0012 ","Próprio","Luminária Slim LED Linear sobrepor 60cm 18W","un",3,43.19,43.19,129.57,6.2266476684311317E-3]
[" 1.24 "," 00007543 ","SINAPI","TAMPA CEGA EM PVC PARA CONDULETE 4 X 2\"","un",5,3.74,3.74,18.7,8.9865178204570628E-4]
[" 1.25 "," 00001872 ","SINAPI","CAIXA DE PASSAGEM, EM PVC, DE 4\" X 2\", PARA ELETRODUTO FLEXIVEL CORRUGADO","un",5,1.66,1.66,8.3000000000000007,3.9886683374221188E-4]
[" 1.26 "," 9096 ","ORSE","Tomada 2p + t, ABNT, de embutir, 10 A, com placa em pvc","un",5,10.4,10.4,52,2.498924741517472E-3]
[" 2 ","  ",null,"Manutenção Civil",null,1,"",11129.48,11129.48,0.53484101792738226]
[" 2.1 "," 00043477 ","SINAPI","FERRAMENTAS - FAMILIA PEDREIRO - MENSALISTA (ENCARGOS COMPLEMENTARES - COLETADO CAIXA)","Mês",3,147.87,147.87,443.61,2.1318230857395495E-2]
[" 2.2 "," 00043478 ","SINAPI","FERRAMENTAS - FAMILIA PINTOR - MENSALISTA (ENCARGOS COMPLEMENTARES - COLETADO CAIXA)","Mês",3,387.36,387.36,1162.08,5.5845201223511998E-2]
[" 2.3 "," 00001379 ","SINAPI","CIMENTO PORTLAND COMPOSTO CP II-32","Kg",500,0.76,0.76,380,1.8261373111089219E-2]
[" 2.4 "," 00001106 ","SINAPI","CAL HIDRATADA CH-I PARA ARGAMASSAS","Kg",20,1.3,1.3,26,1.249462370758736E-3]
[" 2.5 "," 00003315 ","SINAPI","GESSO EM PO PARA REVESTIMENTOS/MOLDURAS/SANCAS E USO GERAL","Kg",20,0.9,0.9,18,8.6501241052527877E-4]
[" 2.6 "," 00001381 ","SINAPI","ARGAMASSA COLANTE AC I PARA CERAMICAS","Kg",50,0.9,0.9,45,2.1625310263131969E-3]
[" 2.7 "," 00037595 ","SINAPI","ARGAMASSA COLANTE TIPO AC III","Kg",25,2.76,2.76,69,3.3158809070135686E-3]
[" 2.8 "," 00039961 ","SINAPI","SILICONE ACETICO USO GERAL INCOLOR 280 G","un",2,30.1,30.1,60.2,2.8929859507567657E-3]
[" 2.9 "," 00038123 ","SINAPI","SELANTE TIPO VEDA CALHA PARA METAL E FIBROCIMENTO","Kg",2,42.1,42.1,84.2,4.0463358314571374E-3]
[" 2.10 "," 00000142 ","SINAPI","SELANTE ELASTICO MONOCOMPONENTE A BASE DE POLIURETANO (PU) PARA JUNTAS DIVERSAS","310ML",2,45.56,45.56,91.12,4.3788850470590779E-3]
[" 2.11 "," 10423 ","ORSE","Fechadura tubular Lockwell para divisória chave/botão de girar, ref:41410N, cor preta, ou similar","un",5,130.62,130.62,653.1,3.1385533628558865E-2]
[" 2.12 "," 00003080 ","SINAPI","FECHADURA ESPELHO PARA PORTA EXTERNA, EM ACO INOX (MAQUINA, TESTA E CONTRA-TESTA) E EM ZAMAC (MACANETA, LINGUETA E TRINCOS) COM ACABAMENTO CROMADO, MAQUINA DE 40 MM, INCLUINDO CHAVE TIPO CILINDRO","CJ",5,65,65,325,1.56182796344842E-2]
[" 2.13 "," 00002418 ","SINAPI","DOBRADICA EM ACO/FERRO, 3\" X 2 1/2\", E= 1,2 A 1,8 MM, SEM ANEL, CROMADO OU ZINCADO, TAMPA BOLA, COM PARAFUSOS","un",6,27.45,27.45,164.7,7.9148635563063008E-3]
[" 2.14 "," 12483 ","ORSE","Trinco de sobrepor p/basculante, cromado, ref. M60975 , Mundial ou similar","un",4,14.68,14.68,58.72,2.8218627081135761E-3]
[" 2.15 "," 00043626 ","SINAPI","MASSA CORRIDA PARA SUPERFICIES DE AMBIENTES INTERNOS","Kg",18,2.39,2.39,43.02,2.0673796611554163E-3]
[" 2.16 "," 00038121 ","SINAPI","TINTA A BASE DE RESINA ACRILICA EMULSIONADA EM AGUA, PARA SINALIZACAO HORIZONTAL VIARIA (NBR 13699:2012)","L",18,13.93,13.93,250.74,1.2049622878617133E-2]
[" 2.17 "," 00035692 ","SINAPI","TINTA LATEX ACRILICA STANDARD, COR BRANCA","L",36,21.51,21.51,774.36,3.7212833900797493E-2]
[" 2.18 "," 00043776 ","SINAPI","TINTA A OLEO BRILHANTE, PARA MADEIRAS E METAIS","L",7.2,26.61,26.61,191.59,9.2070959851410089E-3]
[" 2.19 "," 00003767 ","SINAPI","LIXA EM FOLHA PARA PAREDE OU MADEIRA, NUMERO 120, COR VERMELHA","un",100,0.8,0.8,80,3.8444996023345723E-3]
[" 2.20 "," 00012815 ","SINAPI","FITA CREPE ROLO DE *25* MM X 50 M","un",5,9.59,9.59,47.95,2.3042969491492843E-3]
[" 2.21 "," 3157 ","ORSE","Redutor químico tipo 2002 acabamento (Thinner)","l",5,37.659999999999997,37.659999999999997,188.3,9.0489909389949996E-3]
[" 2.22 "," 00039026 ","SINAPI","PREGO DE ACO POLIDO SEM CABECA 15 X 15 (1 1/4 X 13)","Kg",0.5,19,19,9.5,4.5653432777723046E-4]
[" 2.23 "," 00005065 ","SINAPI","PREGO DE ACO POLIDO COM CABECA 10 X 10 (7/8 X 17)","Kg",0.5,32.14,32.14,16.07,7.7226385761895722E-4]
[" 2.24 "," 00005075 ","SINAPI","PREGO DE ACO POLIDO COM CABECA 18 X 30 (2 3/4 X 10)","Kg",0.5,16.899999999999999,16.899999999999999,8.4499999999999993,4.060752704965892E-4]
[" 2.25 "," 00011055 ","SINAPI","PARAFUSO ROSCA SOBERBA ZINCADO CABECA CHATA FENDA SIMPLES 3,5 X 25 MM (1 \")","un",100,0.1,0.1,10,4.8056245029182154E-4]
[" 2.26 "," 00004375 ","SINAPI","BUCHA DE NYLON SEM ABA S6","un",100,0.06,0.06,6,2.8833747017509292E-4]
[" 2.27 "," 00004377 ","SINAPI","PARAFUSO DE ACO ZINCADO COM ROSCA SOBERBA, CABECA CHATA E FENDA SIMPLES, DIAMETRO 4,2 MM, COMPRIMENTO * 32 * MM","un",100,0.2,0.2,20,9.6112490058364308E-4]
[" 2.28 "," 00004376 ","SINAPI","BUCHA DE NYLON SEM ABA S8","un",100,0.11,0.11,11,5.286186953210037E-4]
[" 2.29 "," 00011962 ","SINAPI","PARAFUSO ZINCADO, SEXTAVADO, COM ROSCA INTEIRA, DIAMETRO 1/4\", COMPRIMENTO 1/2\"","un",20,0.25,0.25,5,2.4028122514591077E-4]
[" 2.30 "," 00004374 ","SINAPI","BUCHA DE NYLON SEM ABA S10","un",20,0.22,0.22,4.4000000000000004,2.1144747812840148E-4]
[" 2.31 "," 038004 ","SBC","FITA ZEBRADA PARA SINALIZACAO 7cm x 100m","M",200,0.12,0.12,24,1.1533498807003717E-3]
[" 2.32 "," 00000414 ","SINAPI","ABRACADEIRA DE NYLON PARA AMARRACAO DE CABOS, COMPRIMENTO DE 100 X 2,5 MM","un",100,0.05,0.05,5,2.4028122514591077E-4]
[" 2.33 "," 00000408 ","SINAPI","ABRACADEIRA DE NYLON PARA AMARRACAO DE CABOS, COMPRIMENTO DE 390 X *4,6* MM","un",100,0.84,0.84,84,4.0367245824513009E-3]
[" 2.34 "," 00000344 ","SINAPI","ARAME GALVANIZADO 16 BWG, D = 1,65MM (0,0166 KG/M)","Kg",10,33.07,33.07,330.7,1.5892200231150538E-2]
[" 2.35 "," 4909 ","ORSE","Estaca pré-moldada de concreto armado (mourão), para cerca, seção 10x10, retaou com ponta oblíqua, h(u) = 2,50m","un",10,76.180000000000007,76.180000000000007,761.8,3.6609247463230965E-2]
[" 2.36 "," 00000340 ","SINAPI","ARAME FARPADO GALVANIZADO, 16 BWG (1,65 MM), CLASSE 250","M",500,1.38,1.38,690,3.3158809070135686E-2]
[" 2.37 "," 00000140 ","SINAPI","IMPERMEABILIZANTE FLEXIVEL BRANCO DE BASE ACRILICA PARA COBERTURAS","Kg",36,24.98,24.98,899.28,4.3216020029842928E-2]
[" 2.38 "," 10461 ","ORSE","Manta asfáltica aluminizada esp=3mm, a base de asfalto modificado c/polimeros, estruturada com não-tecido de poliester, Ref:Classic Aluminio, marca Viapolou similar","m²",5,66.28,66.28,331.4,1.5925839602670966E-2]
[" 2.39 "," 13991 ","ORSE","Grafite em pó Koh I Noor ou similar","g",25,0.79,0.79,19.75,9.4911083932634754E-4]
[" 2.40 "," 00004229 ","SINAPI","GRAXA LUBRIFICANTE A BASE DE LITIO, DE MULTIPLAS APLICACOES E CONTENDO ADITIVOS DE EXTREMA PRESSAO (GRAU DE VISCOSIDADE NLGI 2)","Kg",1,42.9,42.9,42.9,2.0616129117519144E-3]
[" 2.41 "," 0011 ","Próprio","Desengripante/Lubrificante em Aerossol - 300ML, tipo WD40 ou similiar","un",4,40.9,40.9,163.6,7.8620016867742004E-3]
[" 2.42 "," 3109 ","ORSE","Vaselina liquida 1000ml","l",1,24.94,24.94,24.94,1.1985227510278029E-3]
[" 2.43 "," 00011962 ","SINAPI","PARAFUSO ZINCADO, SEXTAVADO, COM ROSCA INTEIRA, DIAMETRO 1/4\", COMPRIMENTO 1/2\"","un",20,0.25,0.25,5,2.4028122514591077E-4]
[" 2.44 "," 840 ","ORSE","Divisória Naval (painel cego), e=35mm, com perfis em aço ou similar","m²",25,100,100,2500,0.12014061257295539]
[" 3 ","  ",null,"Manutenção Hidraulica",null,1,"",4653.62,4653.62,0.22363550299270266]
[" 3.1 "," 00043473 ","SINAPI","FERRAMENTAS - FAMILIA ENCANADOR - MENSALISTA (ENCARGOS COMPLEMENTARES - COLETADO CAIXA)","Mês",3,59.01,59.01,177.03,8.5073970575161167E-3]
[" 3.2 "," 00020080 ","SINAPI","ADESIVO PLASTICO PARA PVC, FRASCO COM 175 GR","un",2,20.09,20.09,40.18,1.930899925272539E-3]
[" 3.3 "," 00003148 ","SINAPI","FITA VEDA ROSCA, EM PTFE, ROLO DE 18 MM X 50 M (L X C)","un",3,12.9,12.9,38.700000000000003,1.8597766826293494E-3]
[" 3.4 "," 00044945 ","SINAPI","SIFAO / TUBO SINFONADO EXTENSIVEL/SANFONADO, UNIVERSAL/ SIMPLES, ENTRE *50 A 70* CM, DE PLASTICO BRANCO","un",6,8,8,48,2.3066997614007434E-3]
[" 3.5 "," 2260 ","ORSE","Torneira plastica para jardins 1/2\", HERC 1128 ou similar","un",5,2.13,2.13,10.65,5.1179900956078994E-4]
[" 3.6 "," 2259 ","ORSE","Torneira plastica para tanque de lavar 1/2\",  HERC 1126 ou similar","un",2,2.85,2.85,5.7,2.7392059666633828E-4]
[" 3.7 "," 00036796 ","SINAPI","TORNEIRA METALICA CROMADA DE MESA, PARA LAVATORIO, TEMPORIZADA PRESSAO FECHAMENTO AUTOMATICO, BICA BAIXA","un",6,144.79,144.79,868.74,4.1748382306651705E-2]
[" 3.8 "," 00011681 ","SINAPI","ENGATE/RABICHO FLEXIVEL PLASTICO (PVC OU ABS) BRANCO 1/2\" X 40 CM","un",5,6.1,6.1,30.5,1.4657154733900557E-3]
[" 3.9 "," 005714 ","SBC","NIPLE PVC ROSCA 1/2\"","un",5,1.75,1.75,8.75,4.2049214400534385E-4]
[" 3.10 "," 00009869 ","SINAPI","TUBO PVC, SOLDAVEL, DE 32 MM, AGUA FRIA (NBR-5648)","M",6,8.16,8.16,48.96,2.3528337566287583E-3]
[" 3.11 "," 00038021 ","SINAPI","LUVA DE CORRER PARA TUBO SOLDAVEL, PVC, 32 MM, PARA AGUA FRIA PREDIAL","un",3,19.940000000000001,19.940000000000001,59.82,2.8747245776456765E-3]
[" 3.12 "," 00003536 ","SINAPI","JOELHO PVC, SOLDAVEL, 90 GRAUS, 32 MM, COR MARROM, PARA AGUA FRIA PREDIAL","un",5,2.2000000000000002,2.2000000000000002,11,5.286186953210037E-4]
[" 3.13 "," 00007140 ","SINAPI","TE SOLDAVEL, PVC, 90 GRAUS, 32 MM, PARA AGUA FRIA PREDIAL (NBR 5648)","un",5,3.43,3.43,17.149999999999999,8.2416460225047394E-4]
[" 3.14 "," 00000829 ","SINAPI","BUCHA DE REDUCAO DE PVC, SOLDAVEL, CURTA, COM 32 X 25 MM, PARA AGUA FRIA PREDIAL","un",4,0.87,0.87,3.48,1.672357327015539E-4]
[" 3.15 "," 00003524 ","SINAPI","JOELHO PVC, SOLDAVEL, COM BUCHA DE LATAO, 90 GRAUS, 25 MM X 3/4\", PARA AGUA FRIA PREDIAL","un",4,7.34,7.34,29.36,1.410931354056788E-3]
[" 3.16 "," 00009868 ","SINAPI","TUBO PVC, SOLDAVEL, DE 25 MM, AGUA FRIA (NBR-5648)","M",12,3.78,3.78,45.36,2.1798312745237025E-3]
[" 3.17 "," 00003873 ","SINAPI","LUVA DE CORRER PARA TUBO SOLDAVEL, PVC, 25 MM, PARA AGUA FRIA PREDIAL","un",10,11.23,11.23,112.3,5.3967163167771559E-3]
[" 3.18 "," 00003529 ","SINAPI","JOELHO PVC, SOLDAVEL, 90 GRAUS, 25 MM, COR MARROM, PARA AGUA FRIA PREDIAL","un",10,0.66,0.66,6.6,3.1717121719260222E-4]
[" 3.19 "," 00007139 ","SINAPI","TE SOLDAVEL, PVC, 90 GRAUS, 25 MM, PARA AGUA FRIA PREDIAL (NBR 5648)","un",5,1.0900000000000001,1.0900000000000001,5.45,2.6190653540904274E-4]
[" 3.20 "," 00009867 ","SINAPI","TUBO PVC, SOLDAVEL, DE 20 MM, AGUA FRIA (NBR-5648)","M",12,3.35,3.35,40.200000000000003,1.9318610501731226E-3]
[" 3.21 "," 00003515 ","SINAPI","JOELHO PVC, SOLDAVEL, COM BUCHA DE LATAO, 90 GRAUS, 20 MM X 1/2\", PARA AGUA FRIA PREDIAL","un",5,5.93,5.93,29.65,1.4248676651152509E-3]
[" 3.22 "," 00003542 ","SINAPI","JOELHO PVC, SOLDAVEL, 90 GRAUS, 20 MM, COR MARROM, PARA AGUA FRIA PREDIAL","un",5,0.54,0.54,2.7,1.2975186157879182E-4]
[" 3.23 "," 00003861 ","SINAPI","LUVA PVC SOLDAVEL, 20 MM, PARA AGUA FRIA PREDIAL","un",5,0.7,0.7,3.5,1.6819685760213754E-4]
[" 3.24 "," 00007138 ","SINAPI","TE SOLDAVEL, PVC, 90 GRAUS, 20 MM, PARA AGUA FRIA PREDIAL (NBR 5648)","un",5,0.96,0.96,4.8,2.3066997614007434E-4]
[" 3.25 "," 00011673 ","SINAPI","REGISTRO DE ESFERA, PVC, COM VOLANTE, VS, SOLDAVEL, DN 20 MM, COM CORPO DIVIDIDO","un",2,15.96,15.96,31.92,1.5339553413314944E-3]
[" 3.26 "," 00036801 ","SINAPI","ACABAMENTO DE METAL CROMADO PARA REGISTRO PEQUENO, DE PAREDE, 1/2\" OU 3/4\"","un",2,34.299999999999997,34.299999999999997,68.599999999999994,3.2966584090018958E-3]
[" 3.27 "," 00009873 ","SINAPI","TUBO PVC, SOLDAVEL, DE 60 MM, AGUA FRIA (NBR-5648)","M",12,23.11,23.11,277.32,1.3326957871492795E-2]
[" 3.28 "," 00003864 ","SINAPI","LUVA PVC SOLDAVEL, 60 MM, PARA AGUA FRIA PREDIAL","UN",6,12.16,12.16,72.959999999999994,3.50618363732913E-3]
[" 3.29 "," 00001925 ","SINAPI","CURVA DE PVC 90 GRAUS, SOLDAVEL, 60 MM, COR MARROM, PARA AGUA FRIA PREDIAL","un",4,31.03,31.03,124.12,5.964741133022089E-3]
[" 3.30 "," 00021112 ","SINAPI","VALVULA DE DESCARGA EM METAL CROMADO PARA MICTORIO COM ACIONAMENTO POR PRESSAO E FECHAMENTO AUTOMATICO","un",1,292.58999999999997,292.58999999999997,292.58999999999997,1.4060776733088406E-2]
[" 3.31 "," 036536 ","SBC","KIT REPARO PARA VALVULA DE DESCARGA DIAMETRO 1.1/4\" e 1.1/2\"","un",4,68.900000000000006,68.900000000000006,275.60000000000002,1.3244301130042602E-2]
[" 3.32 "," 00010432 ","SINAPI","MICTORIO INDIVIDUAL, SIFONADO, DE LOUCA BRANCA, SEM COMPLEMENTOS","un",2,341.68,341.68,683.36,3.2839715603141917E-2]
[" 3.33 "," 00006138 ","SINAPI","ANEL DE VEDACAO, PVC FLEXIVEL, 100 MM, PARA SAIDA DE BACIA / VASO SANITARIO","un",2,9.39,9.39,18.78,9.0249628164804085E-4]
[" 3.34 "," 00000377 ","SINAPI","ASSENTO SANITARIO DE PLASTICO, TIPO CONVENCIONAL","un",4,37.5,37.5,150,7.2084367543773231E-3]
[" 3.35 "," 00004384 ","SINAPI","PARAFUSO NIQUELADO COM ACABAMENTO CROMADO PARA FIXAR PECA SANITARIA, INCLUI PORCA CEGA, ARRUELA E BUCHA DE NYLON TAMANHO S-10","un",6,24.93,24.93,149.58000000000001,7.1882531314650666E-3]
[" 3.36 "," 00009838 ","SINAPI","TUBO PVC SERIE NORMAL, DN 50 MM, PARA ESGOTO PREDIAL (NBR 5688)","M",6,9.3800000000000008,9.3800000000000008,56.28,2.7046054702423716E-3]
[" 3.37 "," 00020168 ","SINAPI","LUVA SIMPLES, PVC SERIE R, 50 MM, PARA ESGOTO PREDIAL","un",5,8.83,8.83,44.15,2.1216832180383921E-3]
[" 3.38 "," 00003526 ","SINAPI","JOELHO PVC, SOLDAVEL, PB, 90 GRAUS, DN 50 MM, PARA ESGOTO PREDIAL","un",2,2.67,2.67,5.34,2.566203484558327E-4]
[" 3.39 "," 00009835 ","SINAPI","TUBO PVC SERIE NORMAL, DN 40 MM, PARA ESGOTO PREDIAL (NBR 5688)","M",6,5.68,5.68,34.08,1.6377568305945278E-3]
[" 3.40 "," 00020167 ","SINAPI","LUVA SIMPLES, PVC SERIE R, 40 MM, PARA ESGOTO PREDIAL","un",5,4.29,4.29,21.45,1.0308064558759572E-3]
[" 3.41 "," 00037949 ","SINAPI","JOELHO PVC, SOLDAVEL, PB, 90 GRAUS, DN 40 MM, PARA ESGOTO PREDIAL","un",2,1.94,1.94,3.88,1.8645823071322676E-4]
[" 3.42 "," 00009836 ","SINAPI","TUBO PVC SERIE NORMAL, DN 100 MM, PARA ESGOTO PREDIAL (NBR 5688)","M",18,13,13,234,1.1245161336828624E-2]
[" 3.43 "," 00001966 ","SINAPI","CURVA PVC CURTA 90 GRAUS, DN 100 MM, PARA ESGOTO PREDIAL","un",8,20.34,20.34,162.72,7.8197121911485201E-3]
[" 3.44 "," 00020170 ","SINAPI","LUVA SIMPLES, PVC SERIE R, 100 MM, PARA ESGOTO PREDIAL","un",8,11.84,11.84,94.72,4.5518875291641336E-3]
[" 3.45 "," 00036801 ","SINAPI","ACABAMENTO DE METAL CROMADO PARA REGISTRO PEQUENO, DE PAREDE, 1/2\" OU 3/4\"","un",2,34.299999999999997,34.299999999999997,68.599999999999994,3.2966584090018958E-3]
[" 3.46 "," 00006158 ","SINAPI","VALVULA EM PLASTICO BRANCO PARA LAVATORIO 1 \", SEM UNHO, COM LADRAO","un",4,6.83,6.83,27.32,1.3128966141972565E-3]
[" 3.47 "," 00006156 ","SINAPI","VALVULA EM PLASTICO BRANCO PARA TANQUE 1.1/4\" X 1.1/2 \", SEM UNHO E SEM LADRAO","un",2,5.86,5.86,11.72,5.6321919174201485E-4]
[" 3.48 "," 00001368 ","SINAPI","CHUVEIRO COMUM EM PLASTICO BRANCO, COM CANO, 3 TEMPERATURAS, 5500 W (110/220 V)","un",1,95.95,95.95,95.95,4.6109967105500277E-3]
["Total sem BDI",{"$nulls":6},{"$f":"I82+I37+I10","v":20808.949999999997}]
["Total do BDI",{"$nulls":6},0]
["Total Geral",{"$nulls":6},{"$f":"H131","v":20808.949999999997}]

{"sheet":"Equipamentos","index":4,"n_rows":12,"n_cols":9,"rows_kept":12,"cut":false,"hidden":false,"merged":[[11,0,11,7],[9,0,9,1],[5,0,5,1],[7,0,7,1],[8,0,8,1],[0,0,0,4],[1,0,1,4],[2,0,2,4],[4,0,4,1],[10,0,10,1],[3,0,3,1],[6,0,6,1]]}
["MINISTÉRIO DO DESENVOLVIMENTO REGIONAL\nCOMPANHIA  DE DESENVOLVIMENTO DOS VALES DO SÃO FRANISCO E DO PARNAÍBA 4ª SUPERINTENDÊNCIA REGIONAL"]
["PLANILHA - COTAÇÕES"]
["EQUIPAMENTOS E FERRAMENTAS"]
["DESCRIÇÃO",null,"QUANT","UNIDADE","FREQUÊNCIA","EMPRESA 1 VALOR UNIT (R$)","EMPRESA 2 VALOR UNIT (R$)","EMPRESA 3 VALOR UNIT (R$)","VALOR MENSAL (R$)"]
["Mangueira de borracha cor preta, reforçada, lonada 3/4\", 100 m de comprimento.",null,2,"Un","Semestral","Mercado livre 599,00","Magalu 549,63","Americanas 610,00",{"$f":"((599+549.63+610)/3)*2","v":1172.42}]
["Rodo Limpa Vidros Extensor mínimo de 6 metros e Limpa Vidros Telescópico Cabo Extensor mínimo 6 metros",null,1,"kit","Anual","Magalu 310,41","Shopee 292,95","Mercado livre 275,15",{"$f":"(275.15+310.41+292.95)/3","v":292.83666666666664}]
["Contentor de lixo 240l, contêiner De Lixo Com Rodas, material: Polietileno Reciclado ",null,3,"Un","Anual","Radotticar 332,00","Mercado livre 393,77","Bahia Lixeiras 499,00",{"$f":"((332+393.77+499)/3)*3","v":1224.77}]
["Enceradeira industrial, escova: 500 mm, motor elétrico: 1 HP, tensão: 110V ou 220V, capacidade operacional: até 3.200 m², dimensões (diâmetro x altura): 500 x 1100 mm",null,1,"Un","Única","Magalu 2554,98","Mercado livre 2581,70","Palácio das Ferramentas 2286,90",{"$f":"(2554.98+2581.7+2286.9)/3","v":2474.5266666666666}]
["Caixa de ferramentas mínimo 110 peças: 1 maleta plástica, 1 porta-chaves allen/hexagonais, 4 porta-bits, 1 alicate corte diagonal 6\" em aço cromo vanádio, 1 alicate de bico meia-cana 6\" em aço cromo vanádio, 1 alicate bomba d'água 10\" em aço cromo vanádio, 2 chaves de fenda em aço cromo vanádio (5,0 mm x 75 mm (3/16\" x 3\") e 6,3 mm x 100 mm (1/4\" x 4\")), 2 chaves phillips em aço cromo vanádio (5,0 mm x 75 mm (n° 1 - 3/16\" x 3\") e 6,3 mm x 100 mm (n° 2 - 1/4\" x 4\")), 8 chaves allen/hexagonais em aço cromo vanádio (1,5 mm - 2 mm - 2,5 mm - 3 mm - 4 mm - 5 mm - 5,5 mm - 6 mm), 11 chaves combinadas (8 mm - 9 mm - 10 mm - 11 mm - 12 mm - 13 mm - 14 mm - 15 mm - 17 mm - 18 mm - 19 mm), 15 soquetes sextavados encaixe 1/2\" em aço cromo vanádio (10 mm - 11 mm - 12 mm - 13 mm - 14 mm - 15 mm - 17 mm - 18 mm - 19 mm - 20 mm - 21 mm - 22 mm - 23 mm - 24 mm - 27 mm), 1 catraca encaixe 1/2\", 1 extensão 5\" em aço cromo vanádio encaixe 1/2\", 1 junta universal em aço cromo vanádio encaixe 1/2\", 1 cabo T em aço cromo vanádio encaixe 1/2\" x 10”, 2 soquetes para vela de ignição em aço cromo vanádio (16 mm e 21 mm), 11 soquetes sextavados em aço cromo vanádio encaixe 1/4\" (4 mm - 5 mm - 6 mm - 7 mm - 8 mm - 9 mm -10 mm - 11 mm - 12 mm - 13 mm - 14 mm), 1 catraca encaixe 1/4\", 1 extensão em aço cromo vanádio 2\" encaixe 1/4\", 1 extensão em aço cromo vanádio 4\" encaixe 1/4\", 1 extensão flexível 6\" em aço cromo vanádio encaixe 1/4\", 1 junta universal em aço cromo vanádio encaixe 1/4\", 1 cabo adaptador para bits com catraca em aço cromo vanádio encaixe 1/4\", bits magnéticos em aço cromo vanádio encaixe 1/4\": 7 fenda (3,5 mm (2 peças), 4 mm (2 peças), 5,5 mm, 6,5 mm e 8 mm), 8 phillips (n° 0, n° 1, n° 2 e n° 3 (2 peças cada)), 6 allen (2 mm - 3 mm - 4 mm - 5 mm - 6 mm - 7 mm), 3 quadrados (S1, S2 e S3), 7 hexalobular (T10, T15, T20, T25, T27, T30 e T40), 3 pozidrive (PZ1, PZ2 e PZ3), 4 três pontas (1, 2, 3 e 4) e 2 adaptadores.",null,2,"Un","Única","Mercado livre 462,24","Loja do Mecanico 402,90","Amazon 566,96",{"$f":"(462.24+402.9+566.96)/3","v":477.36666666666662}]
["Roçadeira: Cilindrada 33,6 cm³; Potência 1.2 kW / 1,61 hp; Velocidade do motor mínima 11000 rpm e máxima 12000 rpm; Capacidade mínima do tanque de combustível 0,74l. Contendo os itens, Cinto Ergonômico, Carretel de Nylon e Faca de Corte. (Marca: Husqvarna ou similar)",null,1,"Un","Única","Dutra Máquinas 2689,00","Mercado livre 2689,00","Magalu 2689,00",2689]
["Extratora portátil, Tensão: 127V, Potência Mínima: 1450W, Frequência: 50/60 Hz, Comprimento do Cabo Elétrico: 3 metros, Vácuo: 110 Mbar, Nível de Ruído: 78 dB(A), Níveis de Filtragem: 1, Tipo de Filtro: Espuma",null,1,"Un","Única","Amazon 659,90","Ferreira Costa 599,90","Mercado livre 628,00",{"$f":"(659.9+599.9+628)/3","v":629.26666666666665}]
["VALOR TOTAL (R$)",{"$nulls":7},{"$f":"SUM(I5:I11)","v":8960.1866666666665}]

{"sheet":"Totais","index":5,"n_rows":11,"n_cols":11,"rows_kept":11,"cut":false,"hidden":false,"merged":[[10,0,10,7],[9,0,9,7],[3,7,3,8],[8,0,8,6],[7,0,7,6],[0,0,0,8],[2,0,2,8],[4,0,4,6],[6,0,6,6],[1,0,1,8],[5,0,5,6],[3,0,3,6]]}
["MINISTÉRIO DO DESENVOLVIMENTO REGIONAL\nCOMPANHIA  DE DESENVOLVIMENTO DOS VALES DO SÃO FRANISCO E DO PARNAÍBA 4ª SUPERINTENDÊNCIA REGIONAL"]
["PLANILHA - COTAÇÕES"]
["\nRESUMO"]
["INSUMOS DIVERSOS",{"$nulls":6},"VALOR"]
["Material ",{"$nulls":7},{"$f":"Materiais!H45","v":69476.326666666675}]
["Insumo Téc. Manutenção",{"$nulls":7},{"$f":"'Insumo Téc. Manutenção'!H133:J133","v":20808.949999999997},0,0]
["Equipamento de Proteção Individual - EPI ",{"$nulls":7},{"$f":"EPI!J22","v":5018.9653333333335}]
["Uniforme",{"$nulls":7},{"$f":"Uniforme!H23","v":12509.173333333332}]
["Equipamentos e Máquinas- aquisição apenas no 1º ano de contrato",{"$nulls":7},{"$f":"Equipamentos!I12","v":8960.1866666666665}]
["Total",{"$nulls":7},{"$f":"SUM(I5:I9)","v":116773.602}]
["Total Mês",{"$nulls":7},{"$f":"I10/12","v":9731.1334999999999}]